000 00497nam a2200145Ia 4500
008 230917s9999||||xx |||||||||||||| ||und||
040 _e205071
_aMAIN
041 _aEnglish
082 _a891.43172109 DR494:DS
100 _aदर्शनसिहं, सम्पा.
245 0 _aरूप देवगुण की रचना-यात्रा
260 _aनई दिल्ली
_bराज पब्लिशिंग हाऊस
_c2003
300 _a159 पृ. p.
942 _cHN
999 _c172634
_d172634